PhDr. Ján Jankovič, šéfredaktor vydavateľstva SAV Veda, odporúča našim čitateľom.../inc./

Bibliographic Details
Main Author: Jankovič, Ján, 1943-2021 (Author)
Format: Article
Language:Slovak
Subjects:

MARC

LEADER 00000nab a2200000 a 4500
001 vtls000054988
003 SK-MaSNL
005 20260303030603.0
008 111103c1980 xo 0 slo
015 |a SNBRB19rr/mm-uuuuu 
035 |a CL0065085 
040 |a SNKBUCL  |b slo  |c SNKBUCL  |e AACR2 
041 0 |a slo 
044 |a xo  |c SK 
080 |a 82:08  |2 1981 
080 |a 08  |2 1981 
080 |a 82  |2 1981 
080 |a 016  |2 1981 
100 1 |a Jankovič, Ján,  |d 1943-2021  |4 aut  |9 85876 
245 1 0 |a PhDr. Ján Jankovič, šéfredaktor vydavateľstva SAV Veda, odporúča našim čitateľom.../inc./  |c Ján Jankovič 
650 0 7 |a umelecká literatúra  |2 snkbucl  |9 1488 
655 7 |a články z novín a časopisov  |2 snkbucl  |9 267496 
655 7 |a články z odboru literárna veda a krásna literatúra  |2 snkbucl  |9 770045 
773 0 |t Nové slovo  |g Roč. 22, č. 5 (1980), s. 23 
850 |a Slovenská národná knižnica v Martine  |a MTA001 
852 |a SNK  |b KIS3GCP 
958 |a RK 
958 |a LX 
992 |a RBX 
999 |c 1653162  |d 1655092